TDS Quiz 2 - Statistics

General Stats
  • This quiz has been taken 12 times
  • The average score is 14 of 20
Answer Stats
Question Answer % Correct
Who is the main narrator for TDS? Commander
100%
What buff can the Mercenary Base give to towers within its range? Damage buff
100%
Which track for the DJ allows the player to gain money from towers in the range of the DJ Green Track
100%
Which one of these towers has an ability? Harvester
100%
Which one of these towers can give a damage buff to other towers within range? Mercenary Base
100%
Which attribute can the Fallen Jester give to other enemies? Nimble
100%
Which one of these towers has a golden skin? Pyromancer
100%
Which one of these events was part of an official Roblox event? Spring 2020 Event
100%
What is the only hardcore map that you can't choose in matchmaking, therefore only being able to be played from elevators? Unknown Garden
100%
How many times has the Reaper enemy been brought back to TDS? 4
75%
How much HP does the Awakened Fallen King have? 800,000
75%
What event do you obtain the Sledger tower from? Frost Invasion Event
75%
Which one of these towers is a level tower? Mortar
75%
When was the Farm tower added? June 14th, 2019
50%
Which one of these towers have a plushie skin? Pyromancer
50%
Who are the 3 final bosses of the Hexscape event? Titus, Conserver, and Primordial Drakobloxxer
50%
Which one of these people are former employees of Paradoxum Games? Beefchoplets
25%
What enemies can the Fallen King summon? (In fallen mode) Corrupted Fallen, Possessed Armor, Fallen Giant, Fallen Hero, and Necrotic Skeleton
25%
Which one of these bosses can't summon enemies? Frost Spirit
0%
What tower has the most skins in the game? Minigunner
0%
No matching quizzes found
Score Distribution
Percent of People with Each Score
Percentile by Number Answered
Your Score History
You have not taken this quiz